000
00328nam a22001337a 4500
008
180919b xxu||||| |||| 00| 0 eng d
020
_a
9780691025117
041
_a
eng
080
_a
941
100
_a
16
101
_a
HIS
245
_a
To Infinity A Cultural A hIstory Of Infinity And Beyond
_c
Eli,M
942
_2
udc
_c
BK
999
_c
48069
_d
48069